header

Speech acts and politeness across languages and cultures (Record no. 213733)

MARC details
000 -LEADER
fixed length control field 01831nam a2200385 a 4500
082 04 - DEWEY DECIMAL CLASSIFICATION NUMBER
Classification number 401/.452
245 00 - TITLE STATEMENT
Title Speech acts and politeness across languages and cultures
260 ## - PUBLICATION, DISTRIBUTION, ETC. (IMPRINT)
Place of publication Bern ;
-- New York :
Name of publisher Peter Lang,
Year of publication 2012.
300 ## - PHYSICAL DESCRIPTION
Number of Pages 402 p. :
Other physical details ill.
490 1# - SERIES STATEMENT
Series statement Linguistic insights : studies in language and communication,
505 0# - FORMATTED CONTENTS NOTE
Formatted contents note section 1. Speech acts and politness in some languages and cultures -- section 2. Speech acts and politeness across languages and cultures -- section 3. Speech acts and politeness in second/foreign language teaching and learning -- section 4. Methodological resources in pragmatics.
650 #0 - SUBJECT ADDED ENTRY--TOPICAL TERM
Topical Term Pragmatics
Topical Term Speech acts (Linguistics)
Topical Term Politeness (Linguistics)
Topical Term Language and languages
700 1# - ADDED ENTRY--PERSONAL NAME
Personal name Ruiz de Zarobe, Leyre.
Personal name Ruiz de Zarobe, Yolanda.
856 40 - ELECTRONIC LOCATION AND ACCESS
Uniform Resource Identifier http://site.ebrary.com/lib/rucke/Doc?id=10599965

No items available.

© 2026 Rongo University
Contact us: librarian | system librarian | Rongo university